| 000 | 00351nam a22001217a 4500 | ||
|---|---|---|---|
| 999 |
_c8433 _d8434 |
||
| 008 | 200128b ||||| |||| 00| 0 eng d | ||
| 020 | _a9789993698104 | ||
| 082 | _aPeriodicals Serials | ||
| 245 | _aStatistical Handbook of Thimphu Dzongkhag 2019 | ||
| 260 |
_aThimphu ; _bDzongkhag Administration, _c2019. |
||
| 300 |
_axxv, 370 p. _c24 cm. |
||
| 942 | _2ddc | ||